Sistema de información y monitoreo de la gestión supervisora
Gorde:
| Egile nagusia: | |
|---|---|
| Formatua: | Liburua |
| Hizkuntza: | gaztelania |
| Argitaratua: |
Santiago
Ministerio de Educación
2001
|
| Saila: | Fundación Chile
|
| Gaiak: | |
| Etiketak: |
Etiketa erantsi
Etiketarik gabe, Izan zaitez lehena erregistro honi etiketa jartzen!
|
MARC
| LEADER | 00000nam a2200000 a 4500 | ||
|---|---|---|---|
| 001 | UCK7783 | ||
| 003 | CL-VaPUC | ||
| 008 | 051209e20010000cl |||||||||||||||||spa|d | ||
| 082 | 0 | 4 | |a 371.201 |b VAS |2 21 |
| 100 | 0 | |a Vásquez Melo, Helio |e author |9 497396 | |
| 245 | 1 | 0 | |a Sistema de información y monitoreo de la gestión supervisora |
| 300 | |a 19 p | ||
| 942 | |c BK | ||
| 945 | |d 20051209 00:00:00 |a jtorresc | ||
| 260 | |a Santiago |b Ministerio de Educación |c 2001 | ||
| 650 | 7 | |a SUPERVISION EDUCACIONAL |2 CL-VaPUC |9 341784 | |
| 650 | 7 | |a MONITOREO |2 CL-VaPUC |9 497397 | |
| 650 | 7 | |a SISTEMA DE INFORMACION |2 CL-VaPUC |9 497398 | |
| 651 | 7 | |a CHILE |2 CL-VaPUC |9 497399 | |
| 583 | |a last modification |c 20171123 01:23:50 |k Rodrigo Vera | ||
| 490 | 0 | |a Fundación Chile | |
| 999 | |c 315629 |d 315627 | ||
| 952 | |0 0 |1 0 |4 0 |6 371_201000000000000_VAS_2001 |7 0 |8 A |9 389166 |a BIBEDU |b BIBEDU |d 2019-11-22 |i 4188233 |o 371.201 VAS 2001 |p 4188233 |r 2019-11-22 |w 2019-11-22 |y BK |k EBA | ||
| 952 | |0 0 |1 0 |4 0 |6 371_201000000000000_VAS_2001 |7 0 |8 A |9 389167 |a BIBEDU |b BIBEDU |d 2019-11-22 |i 4188241 |o 371.201 VAS 2001 |p 4188241 |r 2019-11-22 |w 2019-11-22 |y BK |k EBA | ||
| 952 | |0 0 |1 0 |4 0 |6 371_201000000000000_VAS_2001 |7 0 |8 A |9 389168 |a BIBEDU |b BIBEDU |d 2019-11-22 |i 418825K |o 371.201 VAS 2001 |p 418825K |r 2019-11-22 |w 2019-11-22 |y BK |k EBA | ||